00368nam a2200121Ia 4500008004100000020001500041050002600056100003700082245003600119260005000155300001800205650002300223120626s1985 mx 000 0 spa d a9681500512 aPT2621.A26 bM47 1985 aKafka, Franzd, 1883-1924eautor aLa metamorfosisc / Frank Kafka aMéxicob: Editores Unidos Mexicanosc, 1985 a102 páginas 0aLITERATURA ALEMANA